G42-沪蓉高速公路途径行政区 - Statistics

General Stats
  • This quiz has been taken 18 times
  • The average score is 20 of 22
Answer Stats
Answer % Correct
上海
100%
苏州
100%
无锡
100%
常州
100%
镇江
100%
南京
100%
滁州
94%
合肥
94%
六安
94%
黄冈
94%
武汉
94%
孝感
94%
荆门
94%
恩施州
94%
重庆
94%
天门
88%
宜昌
88%
广安
88%
南充
81%
遂宁
81%
成都
81%
德阳
75%
No matching quizzes found
Score Distribution
Percent of People with Each Score
Percentile by Number Answered
Your Score History
You have not taken this quiz